000 00432cam a2200169 4500
001 D12663
008 090401t1911 xxu||||| |||| 00| 0 eng d
035 _a(Sirsi) u5025
041 _aeng
100 _aDwerryhouse, Andrew A
245 _aGeological and topographical maps: their interpretation and use
260 _aLondon
_bEdward and Arnold
_c1911
350 _a0
520 _aShelf 179
942 _n0
948 _c04/03/1997
999 _c86109
_d86109